000 00699cab a2200217 4500
001 WB3501-34
008 090401t1999 xxu||||| |||| 00| 0 eng d
035 _a(Sirsi) u90503
041 _aeng
245 _aCall in the investigators
260 _c1999
350 _a0
490 _aTimes
_v2 January 1999, 9(1)
520 _aHighlights the need for potential buyers to carry out research into their prospective neighbours and the area in which a house is situated before making a purchase.
650 _aHOUSEBUYING
650 _aNEIGHBOURHOOD REPORTS
650 _aNEIGHBOURS
690 _aPROPERTY-RESIDENTIAL PROPERTY-RESIDENTIAL PROPERTY MARKET
942 _n0
948 _c05/01/1999
999 _c57384
_d57384